Catálogo
 En Linea

Las 200 palabras claves de la justicia / (Registro nro. 45290)

Detalles MARC
000 -CABECERA
campo de control de longitud fija 00707nam a2200181 a 4500
001 - NÚMERO DE CONTROL
campo de control 000045801
005 - FECHA Y HORA DE LA ÚLTIMA TRANSACCIÓN
campo de control 20201002052442.0
008 - DATOS DE LONGITUD FIJA--INFORMACIÓN GENERAL
campo de control de longitud fija 150514s1999 dr ab 000 0 spa d
040 ## - FUENTE DE LA CATALOGACIÓN
Centro catalogador/agencia de origen DO-SdBNP
Lengua de catalogación spa
Centro/agencia transcriptor BNPHU
082 ## - NÚMERO DE LA CLASIFICACIÓN DECIMAL DEWEY
Número de clasificación xxxx
Número de documento/Ítem xxxx
100 1# - ENTRADA PRINCIPAL--NOMBRE DE PERSONA
Nombre de persona Monclús C., Juan Francisco
9 (RLIN) 19465
245 14 - MENCIÓN DE TÍTULO
Título Las 200 palabras claves de la justicia /
Mención de responsabilidad, etc. Juan Francisco Monclus C. ; prólogo Barón Segundo Sánchez Añil.
246 14 - FORMA VARIANTE DE TÍTULO
Título propio/Titulo breve Doscientos palabras claves de la justicia
260 ## - PUBLICACIÓN, DISTRIBUCIÓN, ETC.
Lugar de publicación, distribución, etc. Santo Domingo :
Nombre del editor, distribuidor, etc. Centenario,
Fecha de publicación, distribución, etc. 1999.
300 ## - DESCRIPCIÓN FÍSICA
Extensión 68 p. :
Otras características físicas il., mapas ;
Dimensiones 21 cm.
500 ## - NOTA GENERAL
Nota general Incluye datos biográficos del autor en la solapa de la contracubierta.
700 12 - PUNTO DE ACCESO ADICIONAL--NOMBRE DE PERSONA
Nombre de persona Sánchez Añil, Barón Segundo,
Término indicativo de función/relación pról.
9 (RLIN) 73879
Existencias
Estado de retiro Estado de pérdida No para préstamo Código de colección Localización permanente Ubicación/localización actual Ubicación en estantería Fecha de adquisición Número de inventario Total de préstamos Signatura topográfica completa Código de barras Fecha visto por última vez Precio válido a partir de Tipo de ítem Koha Número de copia Restricciones de uso
    Excluido de préstamo Patrimonio Dominicano General General Depósito 14.05.2015 LF1   xxxx xxxx 45801-10 25.06.2020 25.06.2020 Libro y Folleto Colección Patrimonio Dominicano    
    Excluido de préstamo Patrimonio Dominicano General General Depósito 14.05.2015 LF1   xxxx xxxx 45801-20 25.06.2020 25.06.2020 Libro y Folleto Colección Patrimonio Dominicano e. 2  
      Dominicana de Servicio General General Depósito 14.05.2015 LF1   xxxx xxxx 45801-30 25.06.2020 25.06.2020 Libro y Folleto Colección Dominicana de Servicio e. 3  
      Dominicana de Servicio General General Depósito 17.06.2015 LF1   xxxx xxxx 45801-40 25.06.2020 25.06.2020 Libro y Folleto Colección Dominicana de Servicio e. 4  

Con tecnología Koha